Blockchain internet of transaction: (Record no. 6291)

MARC details
000 -LEADER
fixed length control field 00523nam a22001817a 4500
003 - CONTROL NUMBER IDENTIFIER
control field OSt
005 - DATE AND TIME OF LATEST TRANSACTION
control field 20220107122846.0
008 - FIXED-LENGTH DATA ELEMENTS--GENERAL INFORMATION
fixed length control field 181130b xxu||||| |||| 00| 0 eng d
020 ## - INTERNATIONAL STANDARD BOOK NUMBER
International Standard Book Number 9789386551962
040 ## - CATALOGING SOURCE
Transcribing agency IIITMK
082 ## - DEWEY DECIMAL CLASSIFICATION NUMBER
Classification number 332.178 BHA/B
100 ## - MAIN ENTRY--PERSONAL NAME
Personal name Bhamah, Dipender
9 (RLIN) 15122
245 ## - TITLE STATEMENT
Title Blockchain internet of transaction:
Remainder of title A handbook for blockchain beginners
Statement of responsibility, etc. Dipender Bhamah
260 ## - PUBLICATION, DISTRIBUTION, ETC.
Place of publication, distribution, etc. New Delhi,
Name of publisher, distributor, etc. BPB Publications,
Date of publication, distribution, etc. 2018.
300 ## - PHYSICAL DESCRIPTION
Extent iv, 48p.
700 ## - ADDED ENTRY--PERSONAL NAME
Personal name Oberoi, Gursimran
9 (RLIN) 15123
942 ## - ADDED ENTRY ELEMENTS (KOHA)
Source of classification or shelving scheme Dewey Decimal Classification
Koha item type Books
Holdings
Withdrawn status Lost status Source of classification or shelving scheme Damaged status Not for loan Collection code Home library Current library Shelving location Date acquired Cost, normal purchase price Total Checkouts Total Renewals Full call number Barcode Date last seen Date last checked out Price effective from Koha item type
    Dewey Decimal Classification     Blockchain/ Cryptocurrencies Kerala University of Digital Sciences, Innovation and Technology Knowledge Centre Kerala University of Digital Sciences, Innovation and Technology Knowledge Centre Economics 30/11/2018 143.00 3 5 332.178 BHA/B 5307 28/03/2025 14/01/2022 30/11/2018 Books